Les Douze Travaux d'Astérix animés en mort subite - Statistiques

Statistiques générales
  • Ce quiz a été pris 151 fois
    17 depuis la dernière actualisation
  • Le résultat moyen est 8 sur 12
Answers on the Grid
Answers color-coded by a green-red scale on the quiz's grid according to % correct below.
 
Statistiques - réponses
Réponse % Correct
9/12: Le gouffre et le fil
89%
5/12: Soutenir l’insoutenable regard d’Iris
89%
8/12: La maison qui rend fou
78%
10/12: L'Énigme du Vénérable
78%
11/12: La plaine des Trépassés
67%
1/12: Battre Mérinos de Marathon à la course
67%
6/12: Le repas de Mannekenpix
67%
3/12: Affronter Cylindric le Germain
67%
7/12: L'Antre de la Bête
56%
2/12: Lancer le javelot plus loin que Kermès
56%
4/12: Quitter l’île du Plaisir
56%
12/12: Le cirque
33%
Aucun quiz correspondant
Distribution des résultats
% des personnes avec chaque résultat
Percentile par nombre de réponses
Votre historique - résultats
Vous n’avez pas pris ce quiz depuis la dernière actualisation